00478 2200181 4500001002100000005001500021008004100036020002200077035001900099041000700118082000800125090001400133100001500147245004500162260004000207300003400247650001500281INLIS00000000000947520241224113828241224||||||||| | ||| |||| || |  a978-979-054-369-0 0010-1224009475 aid0 a060 a060 ADE m0 aAde Husnul00aMenulis Laporan Pengamatan, Siapa Takut? aBogorbPT. Quadra Inti Solusic2010 a25x18 cm, vi, 58 hlm.; ilus.: 0aKarya Umum